000 01160cac a2200337 i 4500
003 EG-GICUC
005 20260121101537.0
008 000530s2009 nyua fr 001 0 eng d
020 _a9781599417288
040 _aDLC
_cDLC
_dDLC
_dEG-GICUC
_beng
_erda
043 _an-us---
050 0 0 _aKF9223.A7
_bC27 2000
082 0 0 _a343.3073
_221
092 0 4 _221
099 _aLaw 10 2009
245 0 0 _aCriminal justice administration :
_bcases and materials /
_cby Frank W. Miller ... [et al.].
_n2009 Supplement.
246 3 _aCases and materials, criminal justice administration
250 _a5th edition.
264 _aNew York :
_bFoundation Press,
_c2009.
300 _axviii, 367 page ;
_c26 cm.
336 _atext
_btxt
_2rdacontent
337 _aunmediated
_bn
_2rdamedia
338 _avolume
_bnc
_2rdacarrier
440 0 _aUniversity casebook series
525 _aKept up to date by supplements.
650 0 _aCriminal justice, Administration of
_zUnited States
_vCases.
700 1 _aMiller, Frank W.
_q(Frank William),
_d1921-2006.
856 4 0 _uhttps://fll.law.cu.edu.eg/fulltext/bks/ENGB10-00085.pdf
905 _a10
942 _2ddc
_cBK
_e21
_n0
999 _c52456
_d52456